Estudios sobre la reestructuración de ALALC

שמור ב:
מידע ביבליוגרפי
Main Authors: Barros Charlín, Raymundo (Author), Armanet Armanet, Pilar (Author)
פורמט: ספר
שפה:ספרדית
יצא לאור: Santiago Universitaria 1980
סדרה:Estudios Internacionales
נושאים:
תגים: הוספת תג
אין תגיות, היה/י הראשונ/ה לתייג את הרשומה!

MARC

LEADER 00000nam a2200000 a 4500
001 UCV0486
003 CL-VaPUC
008 880928e19800000CL |||||||||||||||||spa|d
082 0 4 |a 341.246  |b BAR  |2 21 
100 |a Barros Charlín, Raymundo  |e author  |9 294971 
700 0 |a Armanet Armanet, Pilar  |e author  |9 294974 
245 1 0 |a Estudios sobre la reestructuración de ALALC 
300 |a 104 p 
942 |c BK 
945 |d 19880928 00:00:00 
260 |a Santiago  |b Universitaria  |c 1980 
600 0 7 |a ALALC  |2 CL-VaPUC  |9 294975 
650 7 |a CLAUSULA DE LA NACION MAS FAVORECIDA  |2 CL-VaPUC  |9 255238 
650 0 |a Integración económica  |9 255024 
651 0 |a América Latina   |9 255027 
583 |a last modification  |c 20190401 03:04:03  |k Rodrigo Vera 
490 0 |a Estudios Internacionales 
999 |c 208925  |d 208923 
952 |0 0  |1 0  |4 0  |6 341_246000000000000_BAR_1980  |7 0  |8 A  |9 183934  |a BIBDER  |b BIBDER  |d 2019-11-14  |i 2508516  |o 341.246 BAR 1980  |p 2508516  |r 2023-01-25  |w 2019-11-14  |y BK  |k DER